Представление документа в формате MARC21

Поле Инд. ПП Название Значение
Тип записи a
Библиографический уровень b
001 Контрольный номер RU/IS/BASE/507393049
005 Дата корректировки 20220428112800.5
008 Кодируемые данные 20160129
040 b Код языка каталог. rus
e Правила каталог. PSBO
041 0_ a Код языка текста rus
084 a Индекс другой классификации/Индекс ББК 74.48к2; 74.480.4(4)
100 1_ a Автор Квиек М.
q Полное имя Квиек Марек; Kwiek Marek
u Дополнение к имени Kwiek M.
245 10 a Заглавие Интернационализация академической профессии в Европе. Количественное исследование 11 национальных систем
c Ответственность перевод с английского А. Гордеева
500 a Примечание Итоговые таблицы приложения
a Примечание Перевод по оригинальному тексту, предоставленному автором в редакцию журнала "Вопросы образования"
504 a Библиография Лит. в конце статьи
520 0_ a Аннотация Рассматриваются модели интернационализации преподавательской, исследовательской деятельности и публикационной активности в естественных, социальных и гуманитарных науках, оценивается влияние международного научного сотрудничества на индивидуальную исследовательскую продуктивность. Сравниваются показатели научной продуктивности и участия в интернациональных авторских коллективах у сотрудников вузов.
650 14 a Основная рубрика высшее образование
a Основная рубрика образование
a Основная рубрика профессиональное образование
653 1_ a Ключевые слова академическая профессия
a Ключевые слова академическая среда
a Ключевые слова Болонский процесс
a Ключевые слова глобализация образования
a Ключевые слова Западная Европа
a Ключевые слова интернационализация образования
a Ключевые слова интернационализация профессии
a Ключевые слова исследовательская деятельность
a Ключевые слова исследовательская продуктивность
a Ключевые слова качество образования
a Ключевые слова качество обучения
a Ключевые слова конкурентоспособность вуза
a Ключевые слова контроль качества
a Ключевые слова международное научное сотрудничество
a Ключевые слова международное сотрудничество
a Ключевые слова международные авторские коллективы
a Ключевые слова международные стандарты
a Ключевые слова научная продуктивность
a Ключевые слова образовательная политика
a Ключевые слова образовательные системы
a Ключевые слова преподаватели вузов
a Ключевые слова преподавательская деятельность
a Ключевые слова публикационная активность
a Ключевые слова рейтинги университетов
a Ключевые слова сотрудничество преподавателей
a Ключевые слова сотрудничество университетов
a Ключевые слова университеты
a Ключевые слова управление образованием
a Ключевые слова эффективность вузов
700 12 a Автор Гордеев А.
e Роль лиц переводчик
773 08 t Заглавие источника Вопросы образования
d Дата издания источника 2015
g Прочая информация № 1. - С. 58 - 87 : 14 табл.
w Контрольный № источника RU/IS/BASE/482515005
901 t Тип документа b